कुंडली चक्र / (Record no. 114775)

MARC details
000 -LEADER
fixed length control field 01174nam a22002657a 4500
005 - DATE AND TIME OF LATEST TRANSACTION
control field 20170124103013.0
010 ## - LIBRARY OF CONGRESS CONTROL NUMBER
LC control number A-907016
020 ## - INTERNATIONAL STANDARD BOOK NUMBER
Terms of availability 100.00
035 ## - SYSTEM CONTROL NUMBER
System control number A-907016
037 ## - SOURCE OF ACQUISITION
Source of stock number/acquisition Cen Lib/Ret
040 ## - CATALOGING SOURCE
Original cataloging agency DPL
Language of cataloging HN
082 ## - DEWEY DECIMAL CLASSIFICATION NUMBER
Classification number
Item number मित्रवि
100 ## - MAIN ENTRY--PERSONAL NAME
Personal name मित्र, विमल
9 (RLIN) 58275
245 ## - TITLE STATEMENT
Title कुंडली चक्र /
Statement of responsibility, etc विमल मित्र; अनुवादक हंसकुमार तिवारी
246 ## - VARYING FORM OF TITLE
Title proper/short title Kundali chakra /
Remainder of title by Vimal Mitra; anuwadak Hanskumar Tiwari
260 ## - PUBLICATION, DISTRIBUTION, ETC. (IMPRINT)
Place of publication, distribution, etc दिल्ली
Name of publisher, distributor, etc श्रीकृष्ण पुस्तक भंडार
Date of publication, distribution, etc 1998
270 ## - ADDRESS
City दिल्ली
Postal code 110053
Address सी-8/174, यमुना विहार
300 ## - PHYSICAL DESCRIPTION
Extent 111पृ.
Dimensions 21सेमी (सजिल्द)
650 ## - SUBJECT ADDED ENTRY--TOPICAL TERM
Topical term or geographic name as entry element हिन्दी साहित्य
9 (RLIN) 58276
650 ## - SUBJECT ADDED ENTRY--TOPICAL TERM
Topical term or geographic name as entry element हिन्दी साहित्य -- उपन्यास
9 (RLIN) 46379
650 ## - SUBJECT ADDED ENTRY--TOPICAL TERM
Topical term or geographic name as entry element Hindi literature
9 (RLIN) 58277
650 ## - SUBJECT ADDED ENTRY--TOPICAL TERM
Topical term or geographic name as entry element Hindi literature -- Fiction
9 (RLIN) 58278
700 ## - ADDED ENTRY--PERSONAL NAME
Numeration तिवारी, हंसकुमार
9 (RLIN) 58279
942 ## - ADDED ENTRY ELEMENTS (KOHA)
Source of classification or shelving scheme Dewey Decimal Classification
Koha item type Hindi Books
Classification part
Call number suffix मित्रवि
Holdings
Withdrawn status Lost status Damaged status Not for loan Home library Current library Date acquired Source of acquisition Cost, normal purchase price Total Checkouts Total Renewals Full call number Barcode Date last seen Date checked out Copy number Cost, replacement price Price effective from Koha item type
        Central Library Central Library 18/08/2015 Cen Lib/Ret 100.00 1 1 उ मित्रवि A-907016 20/03/2025 03/03/2025 1 100.00 18/08/2015 Hindi Books

© Delhi Public Library
Hit Counter
free hit counter